Field Athletics (Record no. 11314)

MARC details
000 -LEADER
fixed length control field 00246nam a22000977a 4500
008 - FIXED-LENGTH DATA ELEMENTS--GENERAL INFORMATION
fixed length control field 190214b ||||| |||| 00| 0 eng d
020 ## - INTERNATIONAL STANDARD BOOK NUMBER
International Standard Book Number 9780713657692
100 ## - MAIN ENTRY--PERSONAL NAME
Personal name Johnson Carl
9 (RLIN) 7055
245 ## - TITLE STATEMENT
Title Field Athletics
260 ## - PUBLICATION, DISTRIBUTION, ETC. (IMPRINT)
Place of publication, distribution, etc. London
Name of publisher, distributor, etc. A&C London
Date of publication, distribution, etc. 1990
Holdings
Withdrawn status Lost status Source of classification or shelving scheme Damaged status Koha normalized classification for sorting Not for loan Home library Current library Shelving location Date acquired Total Checkouts Total Renewals Full call number Barcode Date last seen Date last checked out Price effective from Koha item type
    Dewey Decimal Classification   796_000000000000000_L2   Good Samaritan School Library Good Samaritan School Library Sports & Games 02/14/2019 3 1 796 L-2 JOH15242 01/12/2024 01/12/2024 02/14/2019 BOOK

Powered by Koha